|
|
|
|
| LEADER |
01067nab a2200301 i 4500 |
| 001 |
publ10387 |
| 005 |
20190524130859.0 |
| 008 |
170131s2016 hu o 0|| zxx d |
| 022 |
|
|
|a 0014-5793
|
| 024 |
7 |
|
|a 10.1002/1873-3468.12267
|2 doi
|
| 024 |
7 |
|
|a 3087152
|2 mtmt
|
| 040 |
|
|
|a SZTE Publicatio Repozitórium
|b hun
|
| 041 |
|
|
|a zxx
|
| 100 |
1 |
|
|a Hetényi Anasztázia
|
| 245 |
1 |
0 |
|a Competitive inhibition of TRPV1 – calmodulin interaction by vanilloids
|h [elektronikus dokumentum] /
|c Hetényi Anasztázia
|
| 260 |
|
|
|c 2016
|
| 300 |
|
|
|a 2768-2775
|
| 490 |
0 |
|
|a FEBS LETTERS
|v 590 No. 16
|
| 700 |
0 |
1 |
|a Németh Lukács
|e aut
|
| 700 |
0 |
1 |
|a Wéber Edit
|e aut
|
| 700 |
0 |
1 |
|a Szakonyi Gerda
|e aut
|
| 700 |
0 |
1 |
|a Winter Zoltán
|e aut
|
| 700 |
0 |
1 |
|a Jósvay Katalin
|e aut
|
| 700 |
0 |
1 |
|a Bartus Éva
|e aut
|
| 700 |
0 |
1 |
|a Oláh Zoltán
|e aut
|
| 700 |
0 |
1 |
|a Martinek Tamás A.
|e aut
|
| 856 |
4 |
0 |
|u http://publicatio.bibl.u-szeged.hu/10387/1/hetnyi20163_u.pdf
|z Dokumentum-elérés
|
| 856 |
4 |
0 |
|u http://publicatio.bibl.u-szeged.hu/10387/7/Febs_letters_2016_16_cimlap.pdf
|z Dokumentum-elérés
|